000
00308nam a22001457a 4500
008
210311b ||||| |||| 00| 0 eng d
020
_a
0205120520
041
_a
eng
080
_a
159.9
082
_a
159.9
100
_a
48
101
_a
PSI
245
_a
Biopsychology
_c
Pinel, J. P. J
942
_2
udc
_c
BK
999
_c
56299
_d
56299